[Event "Kiel op 35th"]
[Site "Kiel"]
[Date "2023.07.30"]
[Round "3"]
[White "Hufendiek, Ekkehard"]
[Black "Schinkowski, Christoph"]
[Result "1-0"]
[WhiteElo "1912"]
[BlackElo "2145"]
[PlyCount "101"]
[EventDate "2023.07.29"]
[EventType "swiss"]
[EventRounds "9"]
[EventCountry "GER"]
[SourceTitle "CBM 215 Extra"]
[Source "ChessBase"]
[SourceDate "2023.09.30"]
[SourceVersion "1"]
[SourceVersionDate "2023.09.30"]
[SourceQuality "1"]

1. e4 e6 2. d3 c5 3. g3 Nc6 4. Nf3 d5 5. Nbd2 g6 6. Bg2 Bg7 7. 0-0 Nge7 8. Re1 0-0 9. c3 b5 10. Nb3 Qb6 11. e5 Na5 12. Bg5 Nec6 13. Qd2 Nxb3 14. axb3 Re8 15. Bf6 Bf8 16. h4 Na5 17. Qf4 Nxb3 18. h5 Nxa1 19. Nh2 h6 20. Ng4 Kh7 21. Bd8 Qxd8 22. Qxf7+ Kh8 23. Nf6 Bg7 24. Nxe8 Qd7 25. Qxg6 Nb3 26. Nd6 Kg8 27. Bh3 Nd2 28. Kg2 Kf8 29. Re2 Qe7 30. Nxc8 Rxc8 31. Rxd2 Re8 32. Re2 Qf7 33. d4 Qxg6 34. hxg6 c4 35. f4 Ke7 36. g4 b4 37. f5 a5 38. f6+ Bxf6 39. exf6+ Kxf6 40. g5+ hxg5 41. g7 Kxg7 42. Rxe6 Rxe6 43. Bxe6 a4 44. Bxd5 a3 45. bxa3 bxc3 46. Be4 Kf6 47. a4 Ke7 48. a5 Kd6 49. a6 c2 50. Bxc2 Kc7 51. d5 1-0

[Event "Kiel op 35th"]
[Site "Kiel"]
[Date "2023.07.30"]
[Round "4"]
[White "Schinkowski, Christoph"]
[Black "Riechenberg, Maximilian"]
[Result "1-0"]
[WhiteElo "2145"]
[BlackElo "1742"]
[PlyCount "55"]
[EventDate "2023.07.29"]
[EventType "swiss"]
[EventRounds "9"]
[EventCountry "GER"]
[SourceTitle "CBM 215 Extra"]
[Source "ChessBase"]
[SourceDate "2023.09.30"]
[SourceVersion "1"]
[SourceVersionDate "2023.09.30"]
[SourceQuality "1"]

1. Nf3 Nf6 2. d4 d5 3. c4 c6 4. e3 e6 5. Nc3 Nbd7 6. Be2 dxc4 7. Bxc4 b5 8. Bd3 Bb7 9. 0-0 a6 10. e4 c5 11. d5 c4 12. Bc2 Qb6 13. Nd4 Bc5 14. Be3 exd5 15. Nxd5 Nxd5 16. exd5 Nf6 17. Nf5 Bxe3 18. fxe3 0-0-0 19. Kh1 Bxd5 20. Ne7+ Kb8 21. Nxd5 Rxd5 22. Qf3 Ka7 23. Qg3 Rg8 24. Rxf6 Qxf6 25. Qc7+ Ka8 26. Be4 Qe6 27. Bf3 Rc8 28. Bxd5+ 1-0

[Event "Kiel op 35th"]
[Site "Kiel"]
[Date "2023.07.29"]
[Round "1"]
[White "Lund, Thomas1111"]
[Black "Schinkowski, Christoph"]
[Result "0-1"]
[WhiteElo "1558"]
[BlackElo "2145"]
[PlyCount "56"]
[EventDate "2023.07.29"]
[EventType "swiss"]
[EventRounds "9"]
[EventCountry "GER"]
[SourceTitle "CBM 215 Extra"]
[Source "ChessBase"]
[SourceDate "2023.09.30"]
[SourceVersion "1"]
[SourceVersionDate "2023.09.30"]
[SourceQuality "1"]

1. e4 g6 2. d4 Bg7 3. Nf3 d6 4. Nc3 a6 5. a4 Bg4 6. Be3 Nc6 7. d5 Nb4 8. Be2 Nf6 9. 0-0 0-0 10. h3 Bc8 11. Nd2 c6 12. dxc6 Nxc6 13. Bc4 Bd7 14. Nd5 Nxd5 15. exd5 Na5 16. c3 Nxc4 17. Nxc4 b5 18. Nb6 Rb8 19. Nxd7 Qxd7 20. axb5 Qxb5 21. Rb1 Rfc8 22. Re1 Rb7 23. Re2 Rxc3 24. Bd4 Rd3 25. Rd2 Rxd2 26. Qxd2 Qxd5 27. Bc3 Qxd2 28. Bxd2 Rxb2 0-1

[Event "Kiel op 25th"]
[Site "Kiel"]
[Date "2012.07.29"]
[Round "4"]
[White "Berger, Joachim"]
[Black "Schinkowski, Christoph"]
[Result "1/2-1/2"]
[WhiteElo "1981"]
[BlackElo "2154"]
[PlyCount "50"]
[EventDate "2012.07.28"]
[EventType "swiss"]
[EventRounds "9"]
[EventCountry "GER"]
[SourceTitle "EXT 2015"]
[Source "ChessBase"]
[SourceDate "2014.11.20"]
[SourceVersion "1"]
[SourceVersionDate "2014.11.20"]
[SourceQuality "1"]

1. e4 e5 2. Nf3 Nc6 3. d4 exd4 4. Nxd4 Nf6 5. Nc3 Bb4 6. Nxc6 bxc6 7. Bd3 d5 8. exd5 cxd5 9. 0-0 0-0 10. Bg5 c6 11. Qf3 h6 12. Bxf6 Qxf6 13. Qxf6 gxf6 14. Rfe1 Bd6 15. Ne2 Rb8 16. b3 Rb4 17. c4 a5 18. Nd4 Be5 19. Rxe5 fxe5 20. Nxc6 e4 21. Nxb4 axb4 22. Bc2 dxc4 23. bxc4 Be6 24. Bxe4 Bxc4 25. Rb1 Rb8 1/2-1/2

[Event "Kiel op 25th"]
[Site "Kiel"]
[Date "2012.07.29"]
[Round "3"]
[White "Schinkowski, Christoph"]
[Black "Salov, Sergej"]
[Result "0-1"]
[WhiteElo "2154"]
[BlackElo "2234"]
[PlyCount "112"]
[EventDate "2012.07.28"]
[EventType "swiss"]
[EventRounds "9"]
[EventCountry "GER"]
[SourceTitle "EXT 2015"]
[Source "ChessBase"]
[SourceDate "2014.11.20"]
[SourceVersion "1"]
[SourceVersionDate "2014.11.20"]
[SourceQuality "1"]

1. e4 c5 2. Nf3 e6 3. d4 cxd4 4. Nxd4 a6 5. Bd3 Nf6 6. 0-0 Qc7 7. Qe2 d6 8. f4 Nbd7 9. Nf3 e5 10. Nc3 Be7 11. Nh4 0-0 12. Nf5 Bd8 13. g4 d5 14. exd5 e4 15. Nxe4 Nxd5 16. Bd2 N7f6 17. Nxf6+ Bxf6 18. Ng3 g6 19. c4 Nb4 20. Ne4 Bd4+ 21. Be3 Bxg4 22. Bxd4 Bxe2 23. Nf6+ Kh8 24. Bxe2 Qc8 25. Nd5+ f6 26. Nxb4 Qe6 27. Rae1 Rae8 28. Nd5 Qf5 29. Bf3 Rxe1 30. Rxe1 Qd3 31. Bxf6+ Rxf6 32. Nxf6 Qd4+ 33. Kg2 Qxf6 34. Bd5 Qxb2+ 35. Kf3 b6 36. Re8+ Kg7 37. Re7+ Kf8 38. Rxh7 Qxa2 39. Rf7+ Ke8 40. Rb7 Qa3+ 41. Ke4 Qd6 42. h4 a5 43. Rg7 Qf6 44. Rb7 Kd8 45. Rf7 Qb2 46. f5 gxf5+ 47. Kxf5 Qb4 48. Ra7 a4 49. h5 b5 50. Ra8+ Kc7 51. cxb5 Qxb5 52. Ke5 Qb2+ 53. Ke4 Qe2+ 54. Kd4 Qxh5 55. Ra7+ Kb6 56. Rxa4 Qd1+ 0-1

[Event "Oberliga Nord N 0910"]
[Site "Germany"]
[Date "2010.02.28"]
[Round "7.3"]
[White "Schinkowski, Christoph"]
[Black "Fries Nielsen, Jens Ove"]
[Result "1-0"]
[WhiteElo "2169"]
[BlackElo "2432"]
[PlyCount "101"]
[EventDate "2009.10.18"]
[EventType "team-tourn"]
[EventRounds "9"]
[EventCountry "GER"]
[SourceTitle "EXT 2011"]
[Source "ChessBase"]
[SourceDate "2010.11.26"]
[SourceVersion "1"]
[SourceVersionDate "2010.11.26"]
[SourceQuality "1"]
[WhiteTeam "Kiel Meerbauer"]
[BlackTeam "Preetz"]
[WhiteTeamCountry "GER"]
[BlackTeamCountry "GER"]

1. e4 c5 2. Nf3 e6 3. d4 cxd4 4. Nxd4 a6 5. Bd3 Qc7 6. 0-0 Nf6 7. Bg5 Be7 8. Qe2 d6 9. Nd2 Nbd7 10. Kh1 h6 11. Bh4 b6 12. a4 Bb7 13. Ra3 Nc5 14. c4 g5 15. Bg3 h5 16. f4 h4 17. Be1 gxf4 18. Bc2 h3 19. Rxh3 Rxh3 20. gxh3 Qd7 21. Qf3 Nxa4 22. b4 a5 23. Bxa4 Qxa4 24. Nb5 Rc8 25. Bh4 Qxb4 26. Qxf4 Qxd2 27. Qxd2 Nxe4 28. Qg2 Bxh4 29. Qg8+ Kd7 30. Rxf7+ Be7 31. Rxe7+ Kxe7 32. Qg7+ Kd8 33. Qxb7 Rxc4 34. Qxb6+ Ke7 35. Qxa5 d5 36. Qa7+ Kf6 37. Qb8 Kf5 38. Nd6+ Nxd6 39. Qxd6 Re4 40. Kg2 d4 41. Qf8+ Ke5 42. Qc5+ Kf6 43. Kf3 Re3+ 44. Kf2 e5 45. h4 Kf5 46. Qe7 Ke4 47. Qf7 Kd3 48. h5 e4 49. h6 Kd2 50. Qf4 Kd3 51. Qxe3+ 1-0

[Event "Oberliga Nord N 0910"]
[Site "Germany"]
[Date "2009.11.29"]
[Round "3.5"]
[White "Korba, Roman"]
[Black "Schinkowski, Christoph"]
[Result "1-0"]
[WhiteElo "2238"]
[BlackElo "2169"]
[PlyCount "79"]
[EventDate "2009.10.18"]
[EventType "team-tourn"]
[EventRounds "9"]
[EventCountry "GER"]
[SourceTitle "EXT 2011"]
[Source "ChessBase"]
[SourceDate "2010.11.26"]
[SourceVersion "1"]
[SourceVersionDate "2010.11.26"]
[SourceQuality "1"]
[WhiteTeam "Hamburg Diogenes"]
[BlackTeam "Kiel Meerbauer"]
[WhiteTeamCountry "GER"]
[BlackTeamCountry "GER"]

1. c4 Nf6 2. Nc3 e6 3. e4 d5 4. e5 d4 5. exf6 dxc3 6. bxc3 Qxf6 7. Nf3 c5 8. Bd3 Bd7 9. Be4 Bc6 10. Qe2 Bxe4 11. Qxe4 Nc6 12. 0-0 Bd6 13. d4 0-0 14. Be3 Rfc8 15. dxc5 Be7 16. Rab1 Qg6 17. Qxg6 hxg6 18. Rxb7 Kf8 19. Nd2 a6 20. Ne4 Na5 21. Rb4 Nc6 22. Ra4 Rcb8 23. Rd1 Rb2 24. g3 Ra7 25. Kg2 Rbb7 26. h4 a5 27. Bf4 e5 28. Bg5 f6 29. Be3 Kf7 30. Nd6+ Ke6 31. Nb5 Rd7 32. Re1 Rd3 33. Ra3 Rb7 34. Rb3 Rbd7 35. Kf1 Kf5 36. Ke2 e4 37. Nd4+ Nxd4+ 38. cxd4 Rxb3 39. axb3 Rb7 40. c6 1-0

[Event "Oberliga Nord N 0910"]
[Site "Germany"]
[Date "2009.11.15"]
[Round "2.5"]
[White "Schinkowski, Christoph"]
[Black "Bracker, Arne"]
[Result "1-0"]
[WhiteElo "2169"]
[BlackElo "2219"]
[PlyCount "65"]
[EventDate "2009.10.18"]
[EventType "team-tourn"]
[EventRounds "9"]
[EventCountry "GER"]
[SourceTitle "EXT 2011"]
[Source "ChessBase"]
[SourceDate "2010.11.26"]
[SourceVersion "1"]
[SourceVersionDate "2010.11.26"]
[SourceQuality "1"]
[WhiteTeam "Kiel Meerbauer"]
[BlackTeam "Hamburger SK"]
[WhiteTeamCountry "GER"]
[BlackTeamCountry "GER"]

1. d4 Nf6 2. Bg5 e6 3. e4 h6 4. Bxf6 Qxf6 5. Nc3 Bb4 6. Qd2 d5 7. e5 Qd8 8. f4 c5 9. Nf3 Nc6 10. a3 Qa5 11. Rd1 Bxc3 12. Qxc3 Qxc3+ 13. bxc3 cxd4 14. cxd4 Na5 15. Bd3 Bd7 16. Ke2 Rc8 17. g4 Ba4 18. Kd2 h5 19. gxh5 Rxh5 20. h4 Nc4+ 21. Ke2 Ke7 22. Rdg1 g6 23. Rg5 b5 24. f5 Rxg5 25. f6+ Kf8 26. Nxg5 Nxa3 27. h5 gxh5 28. Rxh5 Kg8 29. Rh7 Bxc2 30. Rg7+ Kf8 31. Rxf7+ Kg8 32. Rg7+ Kf8 33. Nxe6+ 1-0

[Event "Oberliga Nord N 0910"]
[Site "Germany"]
[Date "2009.10.18"]
[Round "1.4"]
[White "Schinkowski, Christoph"]
[Black "Nonnenmacher, Thomas"]
[Result "0-1"]
[WhiteElo "2169"]
[BlackElo "2131"]
[PlyCount "92"]
[EventDate "2009.10.18"]
[EventType "team-tourn"]
[EventRounds "9"]
[EventCountry "GER"]
[SourceTitle "EXT 2011"]
[Source "ChessBase"]
[SourceDate "2010.11.26"]
[SourceVersion "1"]
[SourceVersionDate "2010.11.26"]
[SourceQuality "1"]
[WhiteTeam "Kiel Meerbauer"]
[BlackTeam "Pinneberg"]
[WhiteTeamCountry "GER"]
[BlackTeamCountry "GER"]

1. d4 Nf6 2. Nf3 g6 3. c4 c5 4. d5 e6 5. Nc3 exd5 6. cxd5 d6 7. e4 Bg7 8. Bb5+ Nbd7 9. 0-0 0-0 10. Bf4 Qb6 11. Nd2 Ne8 12. Nc4 Qc7 13. Re1 f6 14. Bg3 Nb6 15. Ne3 a6 16. Be2 Nd7 17. Rc1 b5 18. b4 Qb6 19. a3 c4 20. Bg4 Ne5 21. Bxc8 Rxc8 22. Bxe5 fxe5 23. Qg4 Nf6 24. Qh3 Nh5 25. g3 Kh8 26. Rc2 Rc7 27. Kg2 Rcf7 28. Qg4 Qa7 29. Ra1 Bh6 30. Ned1 Qd4 31. Raa2 Rf3 32. Qxf3 Rxf3 33. Kxf3 Nf6 34. Re2 Bc1 35. Rec2 Bg5 36. Re2 h5 37. Kg2 Bh6 38. h3 g5 39. f3 g4 40. fxg4 hxg4 41. hxg4 Nxg4 42. Kh3 Nf6 43. Rac2 Qd3 44. Kh2 Nh5 45. Rg2 Nxg3 46. Nb2 Nf1+ 0-1

[Event "Oberliga Nord N 0708"]
[Site "Germany"]
[Date "2007.10.21"]
[Round "1.6"]
[White "Schinkowski, Christoph"]
[Black "Wolter, Michael"]
[Result "0-1"]
[WhiteElo "2191"]
[BlackElo "2219"]
[PlyCount "73"]
[EventDate "2007.10.21"]
[EventType "team-tourn"]
[EventRounds "9"]
[EventCountry "GER"]
[SourceTitle "EXT 2009"]
[Source "ChessBase"]
[SourceDate "2008.11.26"]
[SourceVersion "1"]
[SourceVersionDate "2008.11.26"]
[SourceQuality "1"]
[WhiteTeam "Kiel Meerbauer"]
[BlackTeam "Koenigsspringer"]
[WhiteTeamCountry "GER"]
[BlackTeamCountry "GER"]

1. d4 Nf6 2. g3 e6 3. Bg2 d5 4. Nf3 Be7 5. 0-0 0-0 6. c4 b6 7. Ne5 Bb7 8. Nc3 Na6 9. cxd5 exd5 10. Qa4 c5 11. Bg5 Ne4 12. Bxe7 Qxe7 13. Nc6 Bxc6 14. Qxc6 Nxc3 15. bxc3 Qxe2 16. Rfe1 Qb2 17. Qb7 Qa3 18. Bxd5 Rad8 19. Bc4 Nb8 20. Qe7 Rd7 21. Qe4 Qxc3 22. d5 Qf6 23. Rad1 a6 24. a4 g6 25. f4 Rd6 26. g4 h6 27. Rd3 Rfd8 28. Rd2 Qh4 29. f5 Qf6 30. Rf2 g5 31. h4 Kg7 32. Re3 b5 33. axb5 axb5 34. Bxb5 Rxd5 35. Be2 Nc6 36. hxg5 hxg5 37. Bf3 0-1

[Event "Oberliga Nord N 0506"]
[Site "Germany"]
[Date "2006.04.02"]
[Round "9.2"]
[White "Stephan, Axel"]
[Black "Schinkowski, Christoph"]
[Result "1-0"]
[WhiteElo "2213"]
[BlackElo "2199"]
[PlyCount "80"]
[EventDate "2005.10.23"]
[EventType "team-tourn"]
[EventRounds "9"]
[EventCountry "GER"]
[SourceTitle "EXT 2007"]
[Source "ChessBase"]
[SourceDate "2006.11.23"]
[SourceVersion "1"]
[SourceVersionDate "2006.11.23"]
[SourceQuality "1"]
[WhiteTeam "Hamburg Diogenes"]
[BlackTeam "Kiel Meerbauer"]
[WhiteTeamCountry "GER"]
[BlackTeamCountry "GER"]

1. e4 g6 2. d4 Bg7 3. c4 d6 4. Nc3 Nf6 5. Nf3 0-0 6. Be2 e5 7. 0-0 exd4 8. Nxd4 Re8 9. f3 c6 10. Nc2 Na6 11. Qd2 Nh5 12. g4 Nf6 13. Rd1 Be6 14. Qxd6 Nd7 15. Qg3 Qb6+ 16. Qf2 Ne5 17. Qxb6 axb6 18. Ne3 Red8 19. f4 Rxd1+ 20. Ncxd1 Nc5 21. fxe5 Bxe5 22. Nc3 Bd4 23. Rb1 f5 24. exf5 gxf5 25. Kg2 Re8 26. gxf5 Bf7 27. Ncd1 b5 28. Kf1 Re5 29. b3 Ne4 30. cxb5 cxb5 31. Bf3 b4 32. Bxe4 Rxe4 33. Bd2 Bh5 34. Rc1 Rf4+ 35. Nf2 Bf3 36. h3 Kf8 37. Bxb4+ Ke8 38. Bc3 Ba7 39. Re1 Kd7 40. Be5 Rh4 1-0

[Event "Oberliga Nord N 0506"]
[Site "Germany"]
[Date "2005.11.13"]
[Round "2.2"]
[White "Ritscher, Jan Paul"]
[Black "Schinkowski, Christoph"]
[Result "1-0"]
[WhiteElo "2284"]
[BlackElo "2199"]
[PlyCount "85"]
[EventDate "2005.10.23"]
[EventType "team-tourn"]
[EventRounds "9"]
[EventCountry "GER"]
[SourceTitle "EXT 2007"]
[Source "ChessBase"]
[SourceDate "2006.11.23"]
[SourceVersion "1"]
[SourceVersionDate "2006.11.23"]
[SourceQuality "1"]
[WhiteTeam "Hamburg Schachfreunde"]
[BlackTeam "Kiel Meerbauer"]
[WhiteTeamCountry "GER"]
[BlackTeamCountry "GER"]

1. e4 g6 2. d4 Bg7 3. Nc3 d6 4. g3 Nc6 5. d5 Nd4 6. Bg2 c5 7. Nce2 Rb8 8. c3 Nxe2 9. Nxe2 b5 10. 0-0 Nf6 11. h3 0-0 12. Be3 Nd7 13. Qd2 Ne5 14. Qc2 e6 15. dxe6 fxe6 16. f4 Nc4 17. Bf2 e5 18. Rad1 Qe7 19. b3 Na5 20. Qd3 c4 21. Qxd6 Qxd6 22. Rxd6 cxb3 23. axb3 Nxb3 24. Rb1 Na5 25. Bxa7 Rb7 26. Bf2 Nc4 27. Rd5 Bd7 28. fxe5 Nxe5 29. Bd4 Nf3+ 30. Bxf3 Rxf3 31. Kg2 Rf7 32. Bxg7 Kxg7 33. Nd4 Rc7 34. Rb3 Kh6 35. Nxb5 Bxb5 36. Rdxb5 Rc6 37. e5 Rf5 38. Rd5 Ra6 39. Rb2 Ra1 40. Rf2 Rxf2+ 41. Kxf2 Rc1 42. Rd3 Kg5 43. Re3 1-0

[Event "GER-ch U25"]
[Site "Willingen"]
[Date "2005.05.16"]
[Round "4"]
[White "Schinkowski, Christoph"]
[Black "Sieker, Roland"]
[Result "1-0"]
[WhiteElo "2193"]
[BlackElo "1895"]
[PlyCount "85"]
[EventDate "2005.05.14"]
[EventType "swiss"]
[EventRounds "9"]
[EventCountry "GER"]
[SourceTitle "CBM 106 Extra"]
[Source "ChessBase"]
[SourceDate "2005.07.01"]
[SourceVersion "1"]
[SourceVersionDate "2005.07.01"]
[SourceQuality "1"]

1. c4 e5 2. g3 Nf6 3. Bg2 c6 4. Nc3 Be7 5. Nf3 e4 6. Nd4 d5 7. cxd5 cxd5 8. 0-0 Nc6 9. Nxc6 bxc6 10. d3 exd3 11. Qxd3 0-0 12. h3 Qb6 13. b3 Re8 14. Be3 Qa5 15. a3 Nd7 16. b4 Qd8 17. Bd4 Bf6 18. b5 Bxd4 19. Qxd4 cxb5 20. Nxd5 Nb6 21. Rfd1 Rb8 22. Qf4 Bb7 23. Nc7 Qe7 24. Nxe8 Rxe8 25. Qd6 Qxd6 26. Rxd6 Bxg2 27. Kxg2 g6 28. e3 Rc8 29. Rb1 Rc3 30. Rxb5 Rxa3 31. Rc6 Ra2 32. Rcc5 Kf8 33. Ra5 Rxa5 34. Rxa5 Nc8 35. Rc5 Nd6 36. Kf3 Ke8 37. Rc7 Nb5 38. Rb7 a6 39. Kf4 Kd8 40. Rxf7 Kc8 41. Re7 Nc7 42. Ke5 Kb7 43. Kd6 1-0

[Event "Oberliga Nord N 0405"]
[Site "Germany"]
[Date "2005.04.10"]
[Round "9.1"]
[White "Meyer, Falko"]
[Black "Schinkowski, Christoph"]
[Result "1-0"]
[WhiteElo "2337"]
[BlackElo "2193"]
[PlyCount "75"]
[EventDate "2004.10.24"]
[EventType "team-tourn"]
[EventRounds "9"]
[EventCountry "GER"]
[SourceTitle "EXT 2006"]
[Source "ChessBase"]
[SourceDate "2005.11.24"]
[SourceVersion "1"]
[SourceVersionDate "2005.11.24"]
[SourceQuality "1"]
[WhiteTeam "Hamburg SV 1934"]
[BlackTeam "Kiel Meerbauer"]
[WhiteTeamCountry "GER"]
[BlackTeamCountry "GER"]

1. Nf3 Nf6 2. b3 d5 3. Bb2 Bf5 4. g3 e6 5. Bg2 Be7 6. d3 h6 7. 0-0 0-0 8. c4 c6 9. Nc3 a6 10. Rc1 b5 11. cxb5 cxb5 12. Qc2 Ra7 13. Nd1 Bd6 14. Ne3 Bh7 15. Bd4 Rb7 16. Ne5 Ba3 17. Rb1 a5 18. f4 Rc7 19. Qd2 Bb4 20. Qb2 Qd6 21. Kh1 Ba3 22. Qa1 Bc5 23. f5 Qb6 24. Bxc5 Qxc5 25. Rbc1 Qxe3 26. Rxc7 d4 27. Nf3 Bxf5 28. Nxd4 Bg6 29. Bf3 e5 30. Nc2 Qg5 31. Qc1 Qf5 32. Rc5 Nbd7 33. Rxb5 Rc8 34. Kg2 Qe6 35. Qb2 Ng4 36. Rc1 e4 37. Bxg4 Qc6 38. Nd4 1-0

[Event "Oberliga Nord N 0405"]
[Site "Germany"]
[Date "2005.03.13"]
[Round "8.1"]
[White "Schinkowski, Christoph"]
[Black "Hermesmann, Hans"]
[Result "1/2-1/2"]
[WhiteElo "2193"]
[BlackElo "2300"]
[PlyCount "79"]
[EventDate "2004.10.24"]
[EventType "team-tourn"]
[EventRounds "9"]
[EventCountry "GER"]
[SourceTitle "EXT 2006"]
[Source "ChessBase"]
[SourceDate "2005.11.24"]
[SourceVersion "1"]
[SourceVersionDate "2005.11.24"]
[SourceQuality "1"]
[WhiteTeam "Kiel Meerbauer"]
[BlackTeam "Pinneberg"]
[WhiteTeamCountry "GER"]
[BlackTeamCountry "GER"]

1. Nf3 Nf6 2. g3 g6 3. Bg2 Bg7 4. 0-0 d5 5. d4 0-0 6. c3 Re8 7. c4 dxc4 8. Ne5 Nd5 9. Nxc4 Nc6 10. e4 Nb6 11. Nxb6 axb6 12. d5 Nd4 13. Nc3 e5 14. Be3 c5 15. Qd2 Bd7 16. Kh1 Qc8 17. Rac1 Bh3 18. f3 Bxg2+ 19. Kxg2 Qd7 20. Rf2 f5 21. Bh6 Re7 22. Bxg7 Kxg7 23. b4 Rf8 24. bxc5 bxc5 25. Ne2 fxe4 26. Nxd4 exd4 27. Rxc5 exf3+ 28. Kg1 Re4 29. Qd1 b6 30. Rc6 Qxd5 31. Rxb6 Re3 32. Qd2 Rfe8 33. Rb1 R8e7 34. Rbf1 g5 35. Qb4 g4 36. Rd2 d3 37. Qxg4+ Kh8 38. Rb2 Re8 39. Qf4 R3e6 40. Rd2 1/2-1/2

[Event "Oberliga Nord N 0405"]
[Site "Germany"]
[Date "2004.11.28"]
[Round "3.1"]
[White "Schinkowski, Christoph"]
[Black "Gruenberg, Hans Ulrich"]
[Result "0-1"]
[WhiteElo "2193"]
[BlackElo "2452"]
[PlyCount "102"]
[EventDate "2004.10.24"]
[EventType "team-tourn"]
[EventRounds "9"]
[EventCountry "GER"]
[SourceTitle "EXT 2006"]
[Source "ChessBase"]
[SourceDate "2005.11.24"]
[SourceVersion "1"]
[SourceVersionDate "2005.11.24"]
[SourceQuality "1"]
[WhiteTeam "Kiel Meerbauer"]
[BlackTeam "Rostock Polizei"]
[WhiteTeamCountry "GER"]
[BlackTeamCountry "GER"]

1. d4 Nf6 2. c4 e6 3. Nc3 Bb4 4. Nf3 c5 5. e3 Nc6 6. Bd3 Bxc3+ 7. bxc3 d6 8. e4 e5 9. 0-0 h6 10. Rb1 0-0 11. h3 b6 12. d5 Ne7 13. Re1 Ng6 14. a4 a5 15. Re2 Bd7 16. Reb2 Ra6 17. Kh2 Kh8 18. Ng1 Nh7 19. Ne2 Nf6 20. Be3 Ng8 21. Bc2 N8e7 22. Ng3 f5 23. exf5 Nxf5 24. Nxf5 Bxf5 25. Bxf5 Rxf5 26. Qg4 Rf6 27. g3 Ne7 28. Kg2 Ng6 29. Qe4 Nf8 30. Qg4 Nd7 31. Qh4 Kg8 32. Qg4 Ra8 33. Kg1 Qe7 34. Kg2 Raf8 35. Qe4 Qf7 36. Qg4 Rg6 37. Qe2 Qf5 38. Kh2 Qf7 39. Qh5 Kh7 40. Qe2 Rf6 41. Qg4 Kh8 42. Kg2 Rf5 43. Qe2 Qg6 44. Qg4 Qh7 45. Qe2 Rf3 46. Qc2 e4 47. Re1 Ne5 48. Bf4 Nd3 49. Reb1 R8xf4 50. gxf4 Nxf4+ 51. Kf1 Qg6 0-1

[Event "Genova op 8th"]
[Site "Genova"]
[Date "2004.08.15"]
[Round "7"]
[White "Godena, Michele"]
[Black "Schinkowski, Christoph"]
[Result "1-0"]
[WhiteElo "2545"]
[BlackElo "2186"]
[PlyCount "99"]
[EventDate "2004.08.09"]
[EventType "swiss"]
[EventRounds "9"]
[EventCountry "ITA"]
[SourceTitle "CBM 101 Extra"]
[Source "ChessBase"]
[SourceDate "2004.09.01"]
[SourceVersion "2"]
[SourceVersionDate "2004.09.01"]
[SourceQuality "1"]

1. e4 c5 2. Nf3 d6 3. Bc4 e6 4. 0-0 Nf6 5. Re1 Be7 6. c3 0-0 7. Bb3 Nc6 8. d4 cxd4 9. cxd4 b5 10. Bf4 Na5 11. Bc2 Bb7 12. Bd3 b4 13. Nbd2 Qb6 14. Qe2 Rfd8 15. Rad1 Nd7 16. Be3 h6 17. d5 Nc5 18. dxe6 fxe6 19. Nd4 Nxd3 20. Qxd3 d5 21. exd5 Rxd5 22. Qg6 Bf6 23. Nf5 Qc6 24. Nxh6+ Kh8 25. Nf7+ Kg8 26. Nh6+ Kh8 27. Nf7+ Kg8 28. Ne4 Bxb2 29. Nh6+ Kh8 30. Nf7+ Kg8 31. Nfg5 Nc4 32. Bd4 e5 33. Qh7+ Kf8 34. Bxb2 Nxb2 35. Qh8+ Ke7 36. Qxg7+ Kd8 37. Rxd5+ Qxd5 38. Ne6+ Qxe6 39. Qxb7 Rc8 40. Ng5 Qd7 41. Qxb4 Nd3 42. Qa5+ Rc7 43. Rd1 Ke8 44. Ne4 Rc6 45. h3 Kf7 46. Qd2 Rc4 47. Ng5+ Kg6 48. Nf3 e4 49. Qg5+ Kh7 50. Ne5 1-0

[Event "Genova op 8th"]
[Site "Genova"]
[Date "2004.08.10"]
[Round "2"]
[White "Schinkowski, Christoph"]
[Black "Djuric, Stefan"]
[Result "1-0"]
[WhiteElo "2183"]
[BlackElo "2511"]
[PlyCount "67"]
[EventDate "2004.08.09"]
[EventType "swiss"]
[EventRounds "9"]
[EventCountry "ITA"]
[SourceTitle "CBM 101 Extra"]
[Source "ChessBase"]
[SourceDate "2004.09.01"]
[SourceVersion "2"]
[SourceVersionDate "2004.09.01"]
[SourceQuality "1"]

1. d4 c5 2. d5 g6 3. e4 Bg7 4. Nf3 d6 5. Bb5+ Nd7 6. 0-0 Ngf6 7. Re1 0-0 8. h3 a6 9. Bf1 b5 10. a4 Rb8 11. axb5 axb5 12. Nc3 b4 13. Nb5 Qb6 14. c3 Ba6 15. c4 Ra8 16. Bf4 Nh5 17. Bg5 Bxb5 18. cxb5 Bxb2 19. Rxa8 Rxa8 20. Bxe7 Bc3 21. e5 dxe5 22. d6 Ra1 23. Qd5 Nf4 24. Qc6 Qxc6 25. bxc6 Bxe1 26. cxd7 Ne6 27. Ng5 Nd8 28. Bxd8 b3 29. Bc7 Ra8 30. Bd3 Bb4 31. d8Q+ Rxd8 32. Bxd8 b2 33. d7 c4 34. Bb1 1-0

[Event "Kiel op 17th"]
[Site "Kiel"]
[Date "2004.07.29"]
[Round "8"]
[White "Petrosian, Suren"]
[Black "Schinkowski, Christoph"]
[Result "1-0"]
[WhiteElo "2395"]
[BlackElo "2183"]
[PlyCount "89"]
[EventDate "2004.07.24"]
[EventType "swiss"]
[EventRounds "9"]
[EventCountry "GER"]
[SourceTitle "CBM 101 Extra"]
[Source "ChessBase"]
[SourceDate "2004.09.01"]
[SourceVersion "2"]
[SourceVersionDate "2004.09.01"]
[SourceQuality "1"]

1. g3 Nf6 2. Bg2 d5 3. Nf3 c6 4. b3 Bf5 5. Bb2 e6 6. 0-0 Be7 7. d3 h6 8. Nfd2 0-0 9. e4 Bh7 10. f4 Na6 11. e5 Nd7 12. Nf3 Nac5 13. Nbd2 a5 14. a3 b5 15. Qe2 b4 16. a4 Qb6 17. Kh1 Rae8 18. Rae1 Qa6 19. Rf2 Bd8 20. Bh3 Bb6 21. Rg2 Nxd3 22. cxd3 Bxd3 23. Qd1 c5 24. Rf2 c4 25. Bd4 c3 26. Nf1 Nc5 27. Ne3 Ne4 28. Ra2 Bxd4 29. Nxd4 c2 30. Qc1 Rc8 31. Bf1 Rc3 32. Rxc2 Rfc8 33. Rxc3 bxc3 34. Nb5 Bxb5 35. Bxb5 Qb6 36. Qc2 Qd4 37. Kg2 Nd2 38. Nf1 Ne4 39. Rd1 Qb4 40. Rd3 Rc5 41. Rd1 Rc8 42. Rc1 Rc7 43. Bd3 Nc5 44. Qxc3 Nxd3 45. Qxb4 1-0

[Event "Bargteheide op"]
[Site "Bargteheide"]
[Date "2004.05.23"]
[Round "6"]
[White "Schinkowski, Christoph"]
[Black "Glienke, Manfred"]
[Result "0-1"]
[WhiteElo "2177"]
[BlackElo "2300"]
[PlyCount "66"]
[EventDate "2004.05.??"]
[EventType "swiss"]
[EventRounds "7"]
[EventCountry "GER"]
[SourceTitle "CBM 100 Extra"]
[Source "ChessBase"]
[SourceDate "2004.07.06"]
[SourceVersion "2"]
[SourceVersionDate "2004.07.06"]
[SourceQuality "1"]

1. Nf3 d5 2. g3 Nf6 3. Bg2 Bf5 4. 0-0 e6 5. d3 h6 6. Nbd2 Be7 7. Qe1 0-0 8. Ne5 Bh7 9. e4 c6 10. f4 Na6 11. a3 Nc5 12. Kh1 a5 13. Qe2 Qb6 14. g4 Qa6 15. c4 dxe4 16. dxe4 Rad8 17. f5 Rfe8 18. Nxf7 Kxf7 19. e5 exf5 20. exf6 Bxf6 21. Qf2 Nd3 22. Qg3 Nxc1 23. Nf3 Nd3 24. g5 hxg5 25. Nxg5+ Bxg5 26. Qxg5 Qb6 27. h3 Kg8 28. Rf3 Nf2+ 29. Kh2 Ne4 30. Qh4 Qxb2 31. Rg1 Rd2 32. Qh5 Qe5+ 33. Kh1 Nf2+ 0-1